[Event "CRO-ch U15"]
[Site "Trogir"]
[Date "2016.06.21"]
[Round "2"]
[White "Smetisko, Josip"]
[Black "Sarcevic, Luka"]
[Result "1-0"]
[WhiteElo "1820"]
[BlackElo "1534"]
[PlyCount "77"]
[EventDate "2016.06.21"]
[EventType "swiss"]
[EventRounds "9"]
[EventCountry "CRO"]
[SourceTitle "EXT 2017"]
[Source "ChessBase"]
[SourceDate "2016.10.25"]
[SourceVersion "1"]
[SourceVersionDate "2016.10.25"]
[SourceQuality "1"]

1. e4 c6 2. d4 d5 3. Nc3 dxe4 4. Nxe4 Bf5 5. Ng3 Bg6 6. h4 h6 7. Nf3 Nf6 8. Bd3 Bxd3 9. Qxd3 e6 10. Bd2 Bd6 11. Ne4 Nxe4 12. Qxe4 Nd7 13. 0-0-0 Nf6 14. Qe2 Qc7 15. Ne5 Bxe5 16. dxe5 Nd5 17. f4 g6 18. g3 0-0-0 19. h5 Ne7 20. hxg6 Nf5 21. Qf2 fxg6 22. g4 Nd4 23. c3 Nb5 24. a4 Qa5 25. axb5 Qa1+ 26. Kc2 Qa4+ 27. Kb1 Qe4+ 28. Kc1 Rd5 29. Qxa7 Rhd8 30. bxc6 bxc6 31. Qa6+ Kc7 32. Rxh6 R5d7 33. c4 c5 34. Ba5+ Kb8 35. Rxd7 Qe3+ 36. Bd2 Qg1+ 37. Kc2 Rxd7 38. Rh8+ Kc7 39. Ba5# 1-0